02076nam a2200373 i 4500001000300000245015900003260007000162300002800232490026800260500006000528500011700588504002800705650006300733650005800796650006100854650005600915650004500971650004001016651005001056651004501106700003901151700002601190700003001216830011401246015001801360040000801378041001301386080008001399942000701479008004101486999001701527856009801544952006001642bg00aPrzedsiębiorstwa i instytucje w warunkach zmieniającego się otoczenia.nCz. 1 /c[komitet red. Aldona M. Dereń, Jadwiga Rudek, Krzysztof Zymonik]. aWrocław :bOficyna Wydawnicza Politechniki Wrocławskiej,c2005. a269 s. :bil. ;c24 cm.1 aPrace Naukowe Instytutu Organizacji i Zarządzania Politechniki Wrocławskiej. Studia i Materiały =aScientific Papers of the Institute of Industrial Engineering and Management of the Wrocław University of Technology. Studies and Research,x0324-9468 ;vno. 20 aStreszcz. ang. przy pracach. Spis treści także ang. aNr serii gł.: 78. Tyt. równol.: Enterprises and institutions in the environment subjected to transformations. aBibliogr. przy pracach. 9aInnowacjexstosowaniexgospodarkazkraje Unii Europejskiej 9aInnowacjexstosowaniexgospodarkazPolskayod 1989 r. 9aPrzedsiębiorstwoxorganizacjazkraje Unii Europejskiej 9aPrzedsiębiorstwoxorganizacjazPolskayod 1989 r. 9aRynek finansowyzkraje Unii Europejskiej 9aRynek finansowyzPolskayod 1989 r. 9aKraje Unii Europejskiejxgospodarkaxpolityka 9aPolskaxgospodarkaxpolitykayod 1989 r.1 aDEREŃ, Aldona Małgorzata.eRed.1 aRUDEK, Jadwiga.eRed.1 aZYMONIK, Krzysztof.eRed. 0aPrace Naukowe Instytutu Organizacji i Zarządzania Politechniki Wrocławskiej. Studia i Materiały ;vno. 20 aPB 15576/2006 cBPK0 apolbeng a338.22:001.895:658.1/.5:336.76](438:4-67)"1989/...":339.923(4-67)"1989/..." cKS s pl f |000 0 pol  c52686d52686 uhttp://koha.tu.koszalin.pl/cgi-bin/koha/opac-detail.pl?biblionumber=52686yKatalog online BPK 00104071aBPKbBPKceho81483p02344935t338.2 PgyKS